| 000 | 00357pam a2200157a 44500 | ||
|---|---|---|---|
| 008 | 230515b1979 xxu||||| |||| 00| 0 eng d | ||
| 020 | _aNULL | ||
| 041 | _aENGLISH | ||
| 082 | _a620.1064 VEZ | ||
| 100 | _aVEZIROGLU T NAJAT | ||
| 245 | _aMULTIPHASE TRANSPORT VOL-4 | ||
| 250 | _a1 | ||
| 260 |
_aNULL _bNA _c1979 |
||
| 300 | _a1757-2286 | ||
| 650 | _aNULL | ||
| 999 |
_c639846 _d639846 |
||